Masaryk a Svatá země / Robert Řehák, Jiří Čistecký
Record details
- Physical Description: 28 stran
- Publisher: [Praha : Velvyslanectví Státu Izrael v České republice, 2017]
Search for related items by subject
| Subject: | Masaryk, Tomáš Garyk (Garrigue), 1850-1937 dějiny Československa Izrael |
Available copies
- 1 of 1 copy available at Common Catalog SPOK.
Holds
- 0 current holds with 1 total copy.
Show Only Available Copies
| Location | Call Number / Copy Notes | Barcode | Shelving Location | Status | Due Date |
|---|---|---|---|---|---|
| The Jewish community of Prague | J 2056 | 4638302312 | J - Judaika | Available | - |
| LDR | 00994nam a2200301 i 4500 | ||
|---|---|---|---|
| 001 | 54299 | ||
| 003 | CZ-PrJAB | ||
| 005 | 20210104210056.0 | ||
| 008 | 181008s2017 xr |||||||||||||| ||cze d | ||
| 035 | . | ‡a(CZ PrSKC)016810000136225 | |
| 040 | . | ‡aZLE302 ‡bcze ‡erda | |
| 041 | 0 | . | ‡acze ‡beng ‡gheb |
| 072 | 7. | ‡a26 ‡xJudaismus ‡2Konspekt ‡95 | |
| 072 | 7. | ‡a94(437) ‡xDějiny Česka a Slovenska ‡2Konspekt ‡98 | |
| 100 | 1 | . | ‡aŘehák, Robert, ‡d1973- ‡7kpwa3568 ‡4aut |
| 245 | 1 | 0. | ‡aMasaryk a Svatá země / ‡cRobert Řehák, Jiří Čistecký |
| 264 | 1. | ‡a[Praha : ‡bVelvyslanectví Státu Izrael v České republice, ‡c2017] | |
| 300 | . | ‡a28 stran | |
| 336 | . | ‡atext ‡btxt ‡2rdacontent | |
| 337 | . | ‡abez média ‡bn ‡2rdamedia | |
| 338 | . | ‡asvazek ‡bnc ‡2rdacarrier | |
| 600 | 1 | 4. | ‡aMasaryk, Tomáš Garyk (Garrigue), ‡d1850-1937 |
| 650 | 0 | 4. | ‡adějiny Československa |
| 651 | 7. | ‡aIzrael ‡7ge129403 ‡2czenas | |
| 700 | 1 | . | ‡aČistecký, Jiří ‡4aut |
| 910 | . | ‡aABE461 ‡bJ 2056 | |
| 995 | . | ‡aska | |
| 901 | . | ‡a54299 ‡bAUTOGEN ‡c54299 ‡tbiblio | |